[Event "St Petersburg White Nights op1"]
[Site "?"]
[Date "2002.??.??"]
[Round "5"]
[White "Voitsekhovsky Stanislav"]
[Black "Solovjov Sergey I"]
[Result "1-0"]
[WhiteElo "2527"]
[BlackElo "2489"]
[PlyCount "55"]
[EventDate "2002.??.??"]
[Source "www.chesslib.no"]
[SourceDate "2004.05.04"]

1. e4 e6 2. d4 d5 3. Nc3 Bb4 4. e5 c5 5. Bd2 Ne7 6. Nb5 Bxd2+ 7. Qxd2 O-O 8. dxc5 Nd7 9. f4 Nxc5 10. O-O-O Bd7 11. Nd4 Nc6 12. Ngf3 Qb6 13. Kb1 Rfc8 14. Ka1 Nb4 15. c3 a5 16. h4 a4 17. cxb4 Nb3+ 18. Nxb3 axb3 19. a3 Rc2 20. Qd4 Qc6 21. Bd3 Rxa3+ 22. bxa3 Qa4 23. Qb2 Rxb2 24. Kxb2 Qa7 25. Rd2 g6 26. Re2 Qb6 27. Rc1 Bc6 28. Rc5 1-0

[Event "Pinsk"]
[Site "Pinsk"]
[Date "1993.??.??"]
[Round "?"]
[White "Balashov, Yuri S"]
[Black "Svistunov, K."]
[Result "1/2-1/2"]
[WhiteElo "2520"]
[BlackElo "2490"]
[PlyCount "41"]
[EventDate "1993.??.??"]
[Source "ChessBase"]

1. e4 e6 2. d4 d5 3. Nc3 Bb4 4. e5 c5 5. Bd2 Ne7 6. a3 Bxc3 7. Bxc3 Nbc6 8. Nf3 cxd4 9. Bxd4 Nxd4 10. Qxd4 Nc6 11. Qg4 O-O 12. Bd3 f5 13. Qf4 Qa5+ 14. c3 Qb6 15. Rb1 Bd7 16. h4 Na5 17. h5 h6 18. Rh3 Bb5 19. Nd4 Bxd3 20. Rxd3 Nb3 21. Rg3 1/2-1/2

[Event "Kecskemet Open"]
[Site "Kecskemet HUN"]
[Date "1987.??.??"]
[Round "?"]
[White "Watson, William N"]
[Black "Knaak, Rainer F A"]
[Result "1-0"]
[WhiteElo "2500"]
[BlackElo "2505"]
[PlyCount "49"]
[EventDate "1987.06.??"]
[Source "www.chesslib.no"]
[SourceDate "2004.05.04"]

1. e4 e6 2. d4 d5 3. Nc3 Bb4 4. e5 c5 5. Bd2 Ne7 6. f4 O-O 7. Nf3 f6 8. exf6 Rxf6 9. dxc5 Bxc5 10. Bd3 Nbc6 11. Qe2 Bd7 12. O-O-O Nb4 13. Kb1 Nec6 14. Rhe1 Qe8 15. a3 Nxd3 16. Qxd3 Ne7 17. Ng5 Rg6 18. h4 Rh6 19. g4 Bf2 20. Re2 Bxh4 21. f5 Rd8 22. Nxe6 Bxe6 23. Bxh6 Bf7 24. Qh3 Bf6 25. g5 1-0

[Event "RUS-Cup final"]
[Site "Ekaterinburg"]
[Date "1999.??.??"]
[Round "5"]
[White "Voitsekhovsky, Stanislav"]
[Black "Goloshchapov, Alexander"]
[Result "1/2-1/2"]
[WhiteElo "2558"]
[BlackElo "2446"]
[PlyCount "43"]
[EventDate "1999.08.28"]
[Source "ChessBase"]
[SourceDate "2000.04.05"]

1. e4 e6 2. d4 d5 3. Nc3 Bb4 4. e5 c5 5. Bd2 Ne7 6. a3 Bxc3 7. Bxc3 Nbc6 8. Nf3 cxd4 9. Nxd4 Nxe5 10. Nxe6 Bxe6 11. Bxe5 O-O 12. Bd3 Nc6 13. Bg3 Qf6 14. Rb1 Bf5 15. O-O Qg6 16. Bxf5 Qxf5 17. Re1 Rfe8 18. Qd2 Rad8 19. f3 h6 20. Rbd1 Rxe1+ 21. Rxe1 d4 22. Qe2 1/2-1/2

[Event "Vikings GM"]
[Site "York"]
[Date "1999.12.13"]
[Round "1"]
[White "Hector, Jonny"]
[Black "Rowson, Jonathan"]
[Result "1/2-1/2"]
[WhiteElo "2505"]
[BlackElo "2490"]
[PlyCount "77"]
[EventDate "1999.12.13"]
[Source "ChessBase"]
[SourceDate "2000.04.05"]

1. e4 e6 2. d4 d5 3. Nc3 Bb4 4. e5 c5 5. Bd2 Ne7 6. a3 Bxc3 7. Bxc3 Nbc6 8. Nf3 cxd4 9. Nxd4 Nxe5 10. Nxe6 Bxe6 11. Bxe5 O-O 12. Bd3 Nc6 13. Bg3 Qf6 14. Rb1 Bf5 15. O-O Rfe8 16. Bxf5 Qxf5 17. Qd2 Re6 18. Rfe1 Rae8 19. Rxe6 Rxe6 20. Rd1 d4 21. a4 h5 22. f3 Qc5 23. Bf2 Qc4 24. b3 Qc5 25. h4 Qe7 26. Kf1 a6 27. Qg5 Qxg5 28. hxg5 Kh7 29. Bxd4 Rd6 30. c3 Kg6 31. Ke2 Nxd4+ 32. cxd4 Kxg5 33. d5 Kf6 34. Ke3 Ke7 35. a5 Rg6 36. Rd4 b6 37. Re4+ Kd8 38. Rf4 Ke8 39. Re4+ 1/2-1/2

[Event "BL2-West 0102"]
[Site "Germany"]
[Date "2002.02.24"]
[Round "6.2"]
[White "Gurevich, Vladimir"]
[Black "Berelovich, Aleksandar"]
[Result "1/2-1/2"]
[WhiteElo "2482"]
[BlackElo "2513"]
[PlyCount "64"]
[EventDate "2001.10.07"]
[Source "ChessBase"]
[SourceDate "2002.07.08"]

1. e4 e6 2. d4 d5 3. Nc3 Bb4 4. e5 c5 5. Bd2 Nc6 6. Nb5 Bxd2+ 7. Qxd2 Nxd4 8. Nxd4 cxd4 9. f4 Ne7 10. Nf3 Qb6 11. Qxd4 Qxd4 12. Nxd4 Bd7 13. O-O-O Nc6 14. Be2 Ke7 15. Bf3 h6 16. Rhe1 Rac8 17. c3 g5 18. f5 exf5 19. Bxd5 Nxd4 20. Rxd4 Rc7 21. g3 Rd8 22. Bxf7 Kxf7 23. e6+ Kf8 24. Rd6 Ke7 25. Rxd7+ Rcxd7 26. exd7+ Kf6 27. Rd1 Ke6 28. Kc2 a6 29. b3 b6 30. Re1+ Kf6 31. Rd1 Ke6 32. Re1+ Kf6 1/2-1/2

[Event "Cannes"]
[Site "Cannes"]
[Date "1986.??.??"]
[Round "3"]
[White "Santo Roman, Marc"]
[Black "Kortschnoj, Viktor"]
[Result "0-1"]
[WhiteElo "2360"]
[BlackElo "2635"]
[PlyCount "54"]
[EventDate "1986.02.??"]
[Source "ChessBase"]

1. e4 e6 2. d4 d5 3. Nc3 Bb4 4. e5 c5 5. Bd2 Nc6 6. Nb5 Bxd2+ 7. Qxd2 Nxd4 8. Nxd4 cxd4 9. O-O-O Ne7 10. Qxd4 Nc6 11. Qg4 O-O 12. Nf3 Bd7 13. Bd3 h6 14. h4 Qb6 15. Rd2 Qb4 16. Qg3 Qa5 17. Kb1 Rac8 18. h5 Ne7 19. Re2 Bb5 20. Nd4 Bxd3 21. cxd3 Nc6 22. Nb3 Qb5 23. Rh4 Nb4 24. Rd2 Nxa2 25. Kxa2 Rc6 26. d4 Qa6+ 27. Kb1 Qf1+ 0-1

[Event "Belorechensk RUS"]
[Site "?"]
[Date "2005.06.??"]
[Round "?"]
[White "Savchenko Boris"]
[Black "Pushkov Nikolai"]
[Result "1-0"]
[WhiteElo "2543"]
[BlackElo "2448"]
[PlyCount "97"]
[EventDate "2005.??.??"]
[Source "www.chesslib.no"]
[SourceDate "2004.05.04"]

1. e4 e6 2. d4 d5 3. Nc3 Bb4 4. e5 c5 5. Bd2 Ne7 6. dxc5 Nd7 7. Qg4 Bxc3 8. Bxc3 O-O 9. h4 Nxc5 10. Nh3 Bd7 11. O-O-O Rc8 12. Bd3 Nxd3+ 13. Rxd3 Bb5 14. Rd4 Nf5 15. Rf4 Qc7 16. Rxf5 exf5 17. Qd4 Qc4 18. Nf4 Rfe8 19. f3 Qxd4 20. Bxd4 Bc6 21. Kd2 b6 22. b3 Re7 23. a4 h6 24. Ra1 Kh7 25. a5 b5 26. a6 Rec7 27. b4 Bd7 28. c3 Be6 29. Ne2 g5 30. hxg5 hxg5 31. f4 Kg6 32. Kd3 gxf4 33. Nxf4+ Kg5 34. g3 Rh8 35. Ra5 Kg4 36. Rxb5 Kxg3 37. Ke3 Kg4 38. Ra5 Rh1 39. b5 Rf1 40. Nd3 Rc8 41. Kd2 Ra8 42. Bxa7 Rxa7 43. b6 Rxa6 44. Rxa6 Rb1 45. Nb4 f4 46. b7 f3 47. Rxe6 fxe6 48. b8=Q f2 49. Qg8+ 1-0

[Event "GER-GRE"]
[Site "Fuerth"]
[Date "2002.08.31"]
[Round "1"]
[White "Mastrovasilis, Dimitrios"]
[Black "Buhmann, Rainer"]
[Result "0-1"]
[WhiteElo "2462"]
[BlackElo "2527"]
[PlyCount "152"]
[EventDate "2002.08.31"]
[Source "ChessBase"]
[SourceDate "2002.11.12"]

1. e4 e6 2. d4 d5 3. Nc3 Bb4 4. e5 c5 5. Bd2 Ne7 6. f4 Nbc6 7. Nf3 Nf5 8. dxc5 Bxc5 9. Bd3 a6 10. Qe2 Ncd4 11. Nxd4 Nxd4 12. Qg4 g6 13. O-O-O Bd7 14. Kb1 Qc7 15. Ne2 Nc6 16. Qh4 Be7 17. Qf2 Nb4 18. Be3 Bb5 19. Nc1 Rc8 20. Bxb5+ axb5 21. Nd3 Qa5 22. a3 Nxd3 23. Rxd3 Rc4 24. Bd2 Qc7 25. c3 h5 26. Rh3 Rg8 27. Qe2 Qc6 28. Qd3 Kd7 29. Re1 Kc8 30. b3 Re4 31. Kb2 Rxe1 32. Bxe1 Kc7 33. b4 Ra8 34. Qd1 Qc4 35. Qd4 Qf1 36. Qf2 Qc4 37. Qd4 Qc6 38. Qd1 Qa6 39. Qb3 Rc8 40. Bf2 Kb8 41. Rd3 Qc6 42. Rd1 Bd8 43. Ra1 Bb6 44. Bxb6 Qxb6 45. a4 d4 46. a5 dxc3+ 47. Ka3 Qf2 48. Rc1 Qxf4 49. Rxc3 Qxe5 50. Rxc8+ Kxc8 51. Qc2+ Kd7 52. Qd2+ Ke7 53. g3 Qd5 54. Qe2 e5 55. Qf2 Ke6 56. Qb6+ Kf5 57. Qc5 Ke4 58. Qf2 Qd3+ 59. Ka2 Qc4+ 60. Ka3 Qc3+ 61. Ka2 Qxb4 62. Qg2+ Kf5 63. Qf2+ Ke4 64. Qg2+ Kd3 65. Qf3+ Kc2 66. Qe2+ Qd2 67. Qxb5 e4 68. Qb1+ Kc3+ 69. Ka3 Qd6+ 70. Ka4 Qc6+ 71. Ka3 Qc5+ 72. Ka4 Qd4+ 73. Ka3 e3 74. Qb2+ Kd3 75. Qb5+ Kd2 76. Qg5 Kc2 0-1

[Event "Open"]
[Site "Granada ESP"]
[Date "2007.12.07"]
[Round "5"]
[White "Ibarra Jerez, JC."]
[Black "Suba, M."]
[Result "0-1"]
[WhiteElo "2484"]
[BlackElo "2502"]
[PlyCount "118"]
[EventDate "2007.12.05"]
[Source "www.chesslib.no"]
[SourceDate "2004.05.04"]

1. e4 e6 2. d4 d5 3. Nc3 Bb4 4. e5 c5 5. Bd2 cxd4 6. Nb5 Bc5 7. Qg4 Kf8 8. b4 Bb6 9. Nxd4 Nc6 10. Nxc6 bxc6 11. Nf3 a5 12. b5 Qc7 13. bxc6 Ne7 14. Bd3 Nxc6 15. Qf4 h6 16. h4 Qa7 17. O-O Ba6 18. Rab1 Bc5 19. Be3 Bxe3 20. fxe3 Bxd3 21. cxd3 Kg8 22. Nd4 Nxd4 23. Qxd4 Kh7 24. Qxa7 Rxa7 25. h5 Rc8 26. Rfc1 Rxc1+ 27. Rxc1 g6 28. hxg6+ Kxg6 29. Rf1 Rc7 30. Rf6+ Kg7 31. d4 Rc3 32. Rf3 a4 33. Kh2 Rc2 34. a3 Ra2 35. Rg3+ Kf8 36. e4 dxe4 37. Re3 Kg7 38. Kg3 Kg6 39. Kf4 Rxg2 40. Rxe4 h5 41. Re1 Rg4+ 42. Ke3 Rg3+ 43. Kf4 Rxa3 44. d5 exd5 45. Rg1+ Kh6 46. Rd1 h4 47. Rxd5 h3 48. Rd6+ Kg7 49. Rd2 Rb3 50. Kf5 a3 51. Rh2 Rc3 52. Ra2 Rf3+ 53. Kg4 Rb3 54. Kg5 Kf8 55. e6 fxe6 56. Kf6 Re3 57. Rc2 Ke8 58. Rd2 Rb3 59. Ra2 Kd7 0-1

[Event "25th Open"]
[Site "Oberwart"]
[Date "2003.??.??"]
[Round "4"]
[White "Brkic, Ante"]
[Black "Luther, Thomas"]
[Result "1-0"]
[WhiteElo "2415"]
[BlackElo "2570"]
[PlyCount "145"]
[EventDate "2003.07.05"]
[Source "Roberto Alvarez"]
[SourceDate "2003.07.14"]

1. e4 e6 2. d4 d5 3. Nc3 Bb4 4. e5 c5 5. Bd2 Ne7 6. Nb5 Bxd2+ 7. Qxd2 O-O 8. dxc5 Nd7 9. f4 f6 10. exf6 Rxf6 11. O-O-O Nxc5 12. Nd4 Bd7 13. Ngf3 Rc8 14. Bd3 Be8 15. Rhe1 Qb6 16. g4 Nxd3+ 17. Qxd3 Bg6 18. f5 exf5 19. g5 Rf7 20. Ne5 f4 21. Qh3 Bf5 22. Qa3 Nc6 23. Ndxc6 Rfc7 24. Rd4 Rxc6 25. Nxc6 Qxc6 26. c4 Be4 27. Qc3 Qg6 28. Qh3 Rf8 29. cxd5 Bf5 30. Qb3 Qxg5 31. d6+ Kh8 32. Qf7 f3+ 33. Kd1 Qd8 34. Qe7 Qb8 35. d7 Bxd7 36. Rxd7 Rg8 37. Qf7 h6 38. Qxf3 Qxh2 39. Rh1 Qxb2 40. Rd2 Qa1+ 41. Ke2 Qe5+ 42. Kf1 b5 43. Rh5 Qe7 44. Re2 Qd7 45. Kg2 a6 46. Rf5 Qd6 47. Rf2 Qg6+ 48. Kh1 Kh7 49. Rf8 Rxf8 50. Qxf8 Qh5+ 51. Kg1 Qd1+ 52. Rf1 Qg4+ 53. Kf2 Qe6 54. Kg3 Qxa2 55. Qf5+ Kh8 56. Qd3 Qg8 57. Rc1 Qe6 58. Rf1 Qe5+ 59. Kg2 Qg5+ 60. Kf2 Qf6+ 61. Ke3 Qe5+ 62. Qe4 Qc3+ 63. Kf2 Qd2+ 64. Kg3 Qg5+ 65. Kh3 Qh5+ 66. Qh4 Qe8 67. Re1 Qc8+ 68. Kh2 a5 69. Qe4 Qc7+ 70. Kh1 b4 71. Qg6 Qb7+ 72. Kg1 Qa7+ 73. Kf1 1-0

[Event "Gausdal"]
[Site "?"]
[Date "1996.??.??"]
[Round "?"]
[White "Thorhallsson, Th"]
[Black "Djurhuus, R."]
[Result "1/2-1/2"]
[WhiteElo "2480"]
[BlackElo "2505"]
[PlyCount "118"]
[EventDate "1996.??.??"]
[Source "ChessBase"]
[SourceDate "1996.06.01"]

1. e4 e6 2. d4 d5 3. Nc3 Bb4 4. e5 c5 5. Bd2 Ne7 6. f4 Nf5 7. Nf3 cxd4 8. Nb5 Bc5 9. b4 Bb6 10. Bd3 Bd7 11. g4 Ne3 12. Nd6+ Ke7 13. Qe2 Qc7 14. c3 Nc4 15. Bxc4 dxc4 16. f5 Bc6 17. cxd4 Bd5 18. Rc1 Nc6 19. Rf1 Nxd4 20. Nxd4 Bxd4 21. fxe6 Bxe6 22. Bg5+ Kf8 23. Qe4 Qb6 24. Nxc4 Qxb4+ 25. Bd2 Qc5 26. Qxb7 Qd5 27. Bb4+ Kg8 28. Qxd5 Bxd5 29. Rf4 Bxc4 30. Rxd4 Bxa2 31. Ra1 Be6 32. Rxa7 Rc8 33. Kf2 h6 34. Ra3 Kh7 35. Kg3 Rc1 36. Bd2 Rg1+ 37. Kf3 Rb8 38. Be3 Rf1+ 39. Kg2 Rfb1 40. h3 R8b5 41. Bf4 R1b2+ 42. Rd2 Rxd2+ 43. Bxd2 Rxe5 44. Kg3 Re2 45. Be3 Bd5 46. Bf2 Rd2 47. Ra4 Rb2 48. Rd4 Bb7 49. Rd7 f6 50. Bc5 Rb3+ 51. Kh2 Rb2+ 52. Kg3 Rb3+ 53. Kh2 Kg6 54. Bf8 Kg5 55. Bxg7 Rb2+ 56. Kg1 Rb1+ 57. Kf2 Rb2+ 58. Kg1 Rb1+ 59. Kf2 Rb2+ 1/2-1/2

[Event "KNSB TCh-NED 2007-8"]
[Site "Netherlands NED"]
[Date "2007.10.06"]
[Round "2"]
[White "Okkes, M."]
[Black "Berelovich, A."]
[Result "0-1"]
[WhiteElo "2386"]
[BlackElo "2595"]
[PlyCount "84"]
[EventDate "2007.10.06"]
[Source "www.chesslib.no"]
[SourceDate "2004.05.04"]

1. e4 e6 2. d4 d5 3. Nc3 Bb4 4. e5 c5 5. Bd2 Ne7 6. a3 Bxc3 7. Bxc3 Nbc6 8. Nf3 cxd4 9. Nxd4 Nxe5 10. Nxe6 Bxe6 11. Bxe5 O-O 12. Bd3 Nc6 13. Bg3 Qf6 14. Rb1 Bf5 15. O-O Rfe8 16. Bxf5 Qxf5 17. Qd2 Re6 18. Rbe1 Rae8 19. Rxe6 Rxe6 20. Rd1 d4 21. Re1 h6 22. f3 Rxe1+ 23. Bxe1 Qb5 24. b3 Qc5 25. b4 Qc4 26. Bg3 b5 27. Kf2 f5 28. Qe2 Qd5 29. Qe8+ Kh7 30. h4 Qc4 31. Qe2 Qc3 32. Qxb5 Qxc2+ 33. Kg1 Ne7 34. Qd7 d3 35. Bf4 Qe2 36. Kh2 Qe1 37. Kh3 Ng6 38. Bg3 d2 39. Qxf5 Qh1+ 40. Bh2 d1=Q 41. h5 Qd6 42. f4 Qc6 0-1

[Event "Sonnevanck 7th"]
[Site "Wijk aan Zee"]
[Date "1998.12.02"]
[Round "2"]
[White "Drazic, Sinisa"]
[Black "Romero Holmes, Alfonso"]
[Result "1-0"]
[WhiteElo "2495"]
[BlackElo "2485"]
[PlyCount "79"]
[EventDate "1998.12.??"]
[Source "www.chesslib.no"]
[SourceDate "2004.05.04"]

1. e4 e6 2. d4 d5 3. Nc3 Bb4 4. e5 c5 5. Bd2 Ne7 6. f4 Nf5 7. Nf3 f6 8. exf6 Qxf6 9. Nb5 Ne3 10. Qc1 Bxd2+ 11. Qxd2 Qxf4 12. Ke2 Bd7 13. a4 cxd4 14. Qxd4 Qxd4 15. Nfxd4 e5 16. Kxe3 exd4+ 17. Kxd4 O-O 18. Bd3 Nc6+ 19. Kc3 Rf2 20. Rhg1 Rc8 21. Kb3 a6 22. Nd6 Nd4+ 23. Ka2 Rc6 24. Nxb7 Nxc2 25. Rad1 Nb4+ 26. Ka3 Rb6 27. Nc5 Bg4 28. Rdf1 Rd2 29. Bb1 Nc2+ 30. Bxc2 Rxc2 31. Nb3 Be2 32. Rc1 Rxc1 33. Rxc1 Kf7 34. Rc7+ Kf6 35. Nd4 Bd3 36. a5 Rb8 37. Rc6+ Ke5 38. Nf3+ Kf4 39. Rd6 Bc4 40. Nd2 1-0

[Event "Oslo Open"]
[Site "Oslo NOR"]
[Date "1994.??.??"]
[Round "8"]
[White "Djurhuus, Rune"]
[Black "Karlsson, Lars C-G"]
[Result "1/2-1/2"]
[WhiteElo "2460"]
[BlackElo "2520"]
[PlyCount "89"]
[EventDate "1994.03.??"]
[Source "www.chesslib.no"]
[SourceDate "2004.05.04"]

1. e4 e6 2. d4 d5 3. Nc3 Bb4 4. e5 c5 5. Bd2 Nc6 6. Nb5 Bxd2+ 7. Qxd2 Nxd4 8. Nxd4 cxd4 9. f4 Qb6 10. O-O-O Ne7 11. Nf3 Nc6 12. Nxd4 Bd7 13. Kb1 Nxd4 14. Qxd4 Qxd4 15. Rxd4 f6 16. exf6 gxf6 17. c4 Bc6 18. cxd5 Bxd5 19. Bc4 O-O-O 20. Bxd5 Rxd5 21. Rxd5 exd5 22. Rd1 Rd8 23. Kc2 Kc7 24. Re1 Kd7 25. Re3 Rg8 26. g3 h5 27. Kd3 h4 28. Kd4 Kd6 29. Ra3 Re8 30. Rxa7 Kc6 31. Ra5 Re4+ 32. Kd3 Re1 33. Ra8 Rh1 34. gxh4 Rxh2 35. Rf8 Rxb2 36. Rxf6+ Kc5 37. Rf7 Rxa2 38. Rc7+ Kd6 39. Rxb7 Ke6 40. h5 Rh2 41. h6 Kf5 42. Rf7+ Kg6 43. Rg7+ Kf6 44. Rg5 Rxh6 45. Rxd5 1/2-1/2

[Event "AJEC"]
[Site "?"]
[Date "1998.07.13"]
[Round "?"]
[White "Kersic Matej"]
[Black "Sauvetre Alain"]
[Result "1-0"]
[WhiteElo "2493"]
[BlackElo "2483"]
[PlyCount "83"]
[EventDate "1998.??.??"]
[Source "www.chesslib.no"]
[SourceDate "2004.05.04"]

1. e4 e6 2. d4 d5 3. Nc3 Bb4 4. e5 c5 5. Bd2 Ne7 6. f4 cxd4 7. Nb5 Bc5 8. b4 a6 9. Nf3 axb5 10. bxc5 Nbc6 11. Bxb5 O-O 12. O-O b6 13. cxb6 Qxb6 14. Bd3 h6 15. Qb1 Qa7 16. a4 Ba6 17. Qa2 f6 18. exf6 Rxf6 19. Rfe1 Na5 20. Ne5 Rc8 21. Ng4 Rf7 22. Rxe6 Nc4 23. Ne5 Rf6 24. Rxf6 gxf6 25. Nxc4 dxc4 26. Be4 f5 27. Bf3 Kg7 28. Be1 Bb7 29. Bxb7 Qxb7 30. Rd1 d3 31. cxd3 c3 32. Rc1 Nd5 33. Qe2 Qc6 34. Qe5+ Kg6 35. h4 h5 36. g4 hxg4 37. h5+ Kh6 38. Qxf5 Rg8 39. Bf2 g3 40. Bd4 c2 41. Qf7 Ne3 42. Bxe3 1-0

[Event "URS-ch U26"]
[Site "Vilnius"]
[Date "1978.??.??"]
[Round "12"]
[White "Machulsky, Anatoly D"]
[Black "Vladimirov, Evgeny"]
[Result "0-1"]
[WhiteElo "2530"]
[BlackElo "2445"]
[PlyCount "70"]
[EventDate "1978.??.??"]
[Source "ChessBase"]

1. e4 e6 2. d4 d5 3. Nc3 Bb4 4. e5 c5 5. Bd2 Ne7 6. Nb5 Bxd2+ 7. Qxd2 O-O 8. dxc5 Nbc6 9. Nf3 b6 10. Qc3 Rb8 11. cxb6 Qxb6 12. Bd3 f6 13. O-O a6 14. Na3 Qxb2 15. Qxb2 Rxb2 16. exf6 Rxf6 17. Rfb1 Rxb1+ 18. Rxb1 e5 19. Nd2 Rf4 20. Rb3 Ra4 21. Ndb1 Kf7 22. f3 Bf5 23. Bxf5 Nxf5 24. Kf2 Ke6 25. Ke1 Kd6 26. Kd2 Nh4 27. g3 Nd4 28. gxh4 Nxb3+ 29. axb3 Rxh4 30. Ke3 Rxh2 31. Nd2 h5 32. c4 h4 33. cxd5 Kxd5 34. Nac4 h3 35. f4 Rxd2 0-1

[Event "Cannes Open"]
[Site "Cannes FRA"]
[Date "1994.??.??"]
[Round "2"]
[White "Manolov, Ivan"]
[Black "Dolmatov, Sergey V"]
[Result "0-1"]
[WhiteElo "2360"]
[BlackElo "2610"]
[PlyCount "76"]
[EventDate "1994.02.??"]
[Source "www.chesslib.no"]
[SourceDate "2004.05.04"]

1. e4 e6 2. d4 d5 3. Nc3 Bb4 4. e5 c5 5. Bd2 Ne7 6. Nb5 Bxd2+ 7. Qxd2 O-O 8. Nf3 Bd7 9. c3 Qb6 10. dxc5 Qxc5 11. Nbd4 Nbc6 12. O-O-O f6 13. exf6 gxf6 14. Nb3 Qb6 15. Nfd4 e5 16. Nxc6 bxc6 17. Qe3 Nf5 18. Qc5 Be6 19. Be2 Rad8 20. Bg4 Ng7 21. Bxe6+ Nxe6 22. Qxb6 axb6 23. f3 c5 24. Kc2 c4 25. Nc1 b5 26. a3 Kf7 27. Na2 d4 28. Nb4 d3+ 29. Kd2 Nc5 30. Ke3 Ke6 31. Rhe1 h5 32. Kf2 Rd7 33. h4 Rg8 34. Kf1 Rdg7 35. Rd2 Kd6 36. Rf2 Ne6 37. Rd1 Nf4 38. Rdd2 Rxg2 0-1

[Event "Bermuda Open"]
[Site "Southampton"]
[Date "2003.02.08"]
[Round "3"]
[White "Perelshteyn, Eugene"]
[Black "Berg, Emanuel"]
[Result "1-0"]
[WhiteElo "2442"]
[BlackElo "2527"]
[PlyCount "62"]
[EventDate "2003.02.07"]
[Source "Roberto Alvarez"]
[SourceDate "2003.07.07"]

1. e4 e6 2. d4 d5 3. Nc3 Bb4 4. e5 c5 5. Bd2 Ne7 6. Nb5 Bxd2+ 7. Qxd2 O-O 8. f4 a6 9. Nd6 cxd4 10. Nf3 Nbc6 11. Bd3 f6 12. O-O fxe5 13. fxe5 Rxf3 14. Rxf3 Nxe5 15. Qf4 Nxf3+ 16. gxf3 Nc6 17. Qf7+ Kh8 18. Kh1 g6 19. Bxg6 Qe7 20. Qf4 e5 21. Nf7+ Kg8 22. Bxh7+ Kf8 23. Nxe5+ Ke8 24. Bg6+ Kd8 25. Re1 Nxe5 26. Rxe5 Qd6 27. Qg5+ Kc7 28. Rxd5 Qf8 29. Qe5+ Kc6 30. Be4 Kb6 31. Qxd4+ Kc7 1-0

[Event "Guillermo Garcia Torre"]
[Site "Santa Clara"]
[Date "2002.05.24"]
[Round "6"]
[White "Perez, Rodney"]
[Black "Arencibia, Walter"]
[Result "1/2-1/2"]
[WhiteElo "2425"]
[BlackElo "2542"]
[PlyCount "94"]
[EventDate "2002.05.04"]
[Source "ChessBase"]
[SourceDate "2002.07.08"]

1. e4 e6 2. d4 d5 3. Nc3 Bb4 4. e5 c5 5. Bd2 Nh6 6. Bd3 Nc6 7. Nf3 c4 8. Be2 Nf5 9. Nb1 Be7 10. c3 b5 11. O-O h5 12. b3 Bd7 13. a4 Na5 14. bxc4 bxc4 15. Bc1 Nb3 16. Ra2 Nxc1 17. Qxc1 Rb8 18. Bd1 Bc6 19. Bc2 g6 20. Rb2 Rxb2 21. Qxb2 Kd7 22. Nbd2 Qb6 23. Qa1 Rb8 24. Rb1 Qd8 25. Rxb8 Qxb8 26. g3 Qd8 27. h4 Ng7 28. Nf1 Ne8 29. Ne3 Nc7 30. Nd1 Na8 31. Kg2 Kc8 32. Qc1 Nb6 33. Qf4 Be8 34. Ne3 a5 35. g4 hxg4 36. Nxg4 Bxh4 37. Qh6 Be7 38. Qh7 Nxa4 39. Bxa4 Bxa4 40. Qxf7 Bd7 41. Nf6 a4 42. Ng5 Bxf6 43. exf6 a3 44. Qg7 a2 45. Nf7 Qc7 46. Qf8+ Kb7 47. Qa3 Qf4 1/2-1/2

[Event "Open"]
[Site "?"]
[Date "2003.05.21"]
[Round "2.1"]
[White "Kovchan Alexander"]
[Black "Bogdanov Valentin"]
[Result "1-0"]
[WhiteElo "2557"]
[BlackElo "2409"]
[PlyCount "149"]
[EventDate "2003.??.??"]
[Source "www.chesslib.no"]
[SourceDate "2004.05.04"]

1. e4 e6 2. d4 d5 3. Nc3 Bb4 4. e5 c5 5. Bd2 cxd4 6. Nb5 Be7 7. Qg4 Kf8 8. Nf3 Nc6 9. O-O-O h5 10. Qf4 Nh6 11. Nfxd4 a6 12. Nd6 Nxd4 13. Qxd4 Bxd6 14. exd6 Nf5 15. Qf4 Kg8 16. Bb4 a5 17. Ba3 Bd7 18. Bd3 b5 19. b3 Qh4 20. Qe5 f6 21. Qe2 b4 22. Bb2 Qf4+ 23. Kb1 Qxd6 24. g4 hxg4 25. Qxg4 Rh4 26. Qg2 Rf8 27. h3 Rh5 28. h4 Rxh4 29. Rxh4 Nxh4 30. Qh3 Nf5 31. Rh1 Kf7 32. Qg4 Rg8 33. Rh7 Kf8 34. Rh1 Nh6 35. Qd4 Nf7 36. Qa7 Ne5 37. Bh7 Rh8 38. Bd4 Nc6 39. Qb6 Qb8 40. Qxb8+ Nxb8 41. Bc5+ Kf7 42. Bg6+ Kxg6 43. Rxh8 Nc6 44. Rg8 e5 45. Bf8 Be6 46. Rxg7+ Kf5 47. Rc7 Nd4 48. Rc5 Ke4 49. Rxa5 Nc6 50. Ra6 Bd7 51. a3 bxa3 52. b4 Nd4 53. Rxa3 Nb5 54. Re3+ Kf5 55. Kc1 d4 56. Rh3 Ke4 57. Rh7 Bc8 58. Re7 Nc3 59. Bg7 Nd5 60. Re8 Bd7 61. Rd8 Nb6 62. Bxf6 Kf5 63. Rh8 Ke6 64. f4 Nd5 65. Bxe5 Nxb4 66. Rf8 Ba4 67. Bxd4 Nxc2 68. Bc3 Ne3 69. Kd2 Nd5 70. Bb2 Bd7 71. Kd3 Nb4+ 72. Kd4 Nc6+ 73. Ke4 Nb4 74. Rh8 Bc6+ 75. Kd4 1-0

[Event "URS-ch40"]
[Site "Baku"]
[Date "1972.11.22"]
[Round "5"]
[White "Alburt, Lev O"]
[Black "Bagirov, Vladimir"]
[Result "1-0"]
[WhiteElo "2450"]
[BlackElo "2515"]
[PlyCount "101"]
[EventDate "1972.??.??"]
[Source "ChessBase"]

1. e4 e6 2. d4 d5 3. Nc3 Bb4 4. e5 c5 5. Bd2 Ne7 6. Nb5 Bxd2+ 7. Qxd2 O-O 8. f4 cxd4 9. Nf3 Bd7 10. Nbxd4 Nbc6 11. O-O-O Qb6 12. Kb1 Rac8 13. g4 Nxd4 14. Nxd4 f6 15. exf6 Rxf6 16. g5 Rf7 17. Bd3 Rcf8 18. Rhf1 Qd6 19. Ne2 a6 20. h4 Ng6 21. h5 Nxf4 22. Bxh7+ Kxh7 23. g6+ Nxg6 24. hxg6+ Kxg6 25. Qd3+ Rf5 26. Nd4 R8f6 27. Nxf5 exf5 28. Rg1+ Kf7 29. Rg5 Be6 30. Rdg1 g6 31. Rh1 Ke7 32. Qd4 Bf7 33. Re1+ Re6 34. Rxe6+ Qxe6 35. Rg1 Qe4 36. Qd2 Kf6 37. Re1 Qh4 38. Qc3+ d4 39. Qb4 Kg7 40. b3 b5 41. Rd1 Qf6 42. Rxd4 g5 43. Rd6 Qe5 44. Rxa6 f4 45. Ra8 Kg6 46. Ra5 f3 47. Rxb5 Qf4 48. Rb6+ Kh5 49. Qe1 f2 50. Qd1+ Qg4 51. Qh1+ 1-0

[Event "FRA-FRG"]
[Site "Uzes"]
[Date "1990.??.??"]
[Round "2"]
[White "Santo Roman, Marc"]
[Black "Kindermann, Stefan"]
[Result "0-1"]
[WhiteElo "2435"]
[BlackElo "2530"]
[PlyCount "40"]
[EventDate "1990.10.??"]
[Source "ChessBase"]

1. e4 e6 2. d4 d5 3. Nc3 Bb4 4. e5 c5 5. Bd2 Ne7 6. f4 O-O 7. Nf3 Nbc6 8. dxc5 Bxc5 9. Bd3 f6 10. Qe2 Bd7 11. a3 fxe5 12. fxe5 Nf5 13. O-O-O Qe7 14. Bg5 Qe8 15. Nb5 Qh5 16. Bxf5 Rxf5 17. Qd2 Nxe5 18. Nxe5 Rxe5 19. Bf4 Bxb5 20. g4 Qh3 0-1